000 00616nam a2200241Ia 4500
003 OSt
005 20220924153530.0
006 a|||||r|||| 00| 0
007 ta
008 220923b |||||||| |||| 00| 0 tam d
024 _a350607
037 _cTextual
040 _aARTS
_cARTS
_btam
041 _2tam
_atam
082 _aV211.L6, 31P0.1-.2
100 _aPillai Thiruvenkatam Au.
_9229094
245 0 _aNaatknrippu
260 _c2004
490 _vVol. 1
650 _aHISTORY
942 _hV211.L6, 31P0.1-.2
_cTEXL
_2CC
999 _c473925
_d473925